Normal view
MARC view
- ROTORS VIBRATION.DANPUR MECHANICES. STRUCTURAL CONTROL.MECHANICAL VIBRATIONS
Entry Topical Term
001 - CONTROL NUMBER
- control field: 65395
003 - CONTROL NUMBER IDENTIFIER
- control field: NUST
005 - DATE AND TIME OF LATEST TRANSACTION
- control field: 20210628203428.0
008 - FIXED-LENGTH DATA ELEMENTS
- fixed length control field: 210628|| aca||aabn | a|a d
040 ## - CATALOGING SOURCE
- Original cataloging agency: NUST
- Transcribing agency: NUST
150 ## - HEADING--TOPICAL TERM
- Topical term or geographic name entry element: ROTORS VIBRATION.DANPUR MECHANICES. STRUCTURAL CONTROL.MECHANICAL VIBRATIONS
670 ## - SOURCE DATA FOUND
- Source citation: Work cat.: (NUST): Krysinski, Tomasz, Malburet, Francois 65394, Mechanical vibrations, active and passive control, 2007
